LEADER 01058nam0-22003011--450 001 990006106490403321 005 20180517103049.0 035 $a000610649 035 $aFED01000610649 035 $a(Aleph)000610649FED01 035 $a000610649 100 $a20000112d1991----km-y0itay50------ba 101 0 $aita 102 $aIT 105 $ay-------001yy 200 1 $aOpere di consultazione, con particolare attenzione all'Africa, della Facoltà di Scienze Politiche dell'Università degli Studi di Napoli Federico II$f[a cura di] Liliana Mosca 210 $aNapoli$cs.n.$d1991$eNapoli$fC.S.L. 215 $a91 p.$d24 cm 676 $a016.096$v19$zita 702 1$aMosca,$bLiliana 801 0$aIT$bUNINA$gRICA$2UNIMARC 901 $aBK 912 $a990006106490403321 952 $aXIX A 126$b19853*$fFGBC 952 $aXIV E 3519$b15906$fFSPBC 959 $aFGBC 996 $aOpere di consultazione con particolare attenzione all'Africa della facoltà di Scienze Politiche dell'Università degli Studi di Napoli Federico II$9575658 997 $aUNINA LEADER 01267nam2-2200409---450- 001 990003032070203316 005 20071211105224.0 010 $a88-85668-05-4 035 $a000303207 035 $aUSA01000303207 035 $a(ALEPH)000303207USA01 035 $a000303207 100 $a20071211d1985----km-y0itay50------ba 101 $aita 102 $aIT 105 $a||||||||001yy 200 1 $a<<1.>> : Nicholaus e l'arte del suo tempo$ein memoria di Cesare Gnudi 210 $aFerrara$cCorbo$dcopyr. 1985 215 $a373 p.$cill.$d25 cm 300 $aAtti del seminario tenutosi a Ferrara dal 21 al 24 settembre 1981 organizzato dalla Deputazione Provinciale Ferrarese di Storia Patria 410 0$12001 454 1$12001 461 1$1001000303204$12001 606 0 $aCongressi$yFerrara$z1981 606 0 $aMedioevo$yItalia$yFerrara$xArte 676 $a730.924 702 1$aGNUDI,$bCesare 801 0$aIT$bsalbc$gISBD 912 $a990003032070203316 951 $aV C ROM 1$b1099/b DBC$cV C 959 $aBK 969 $aDBC 979 $aDBC$b90$c20071211$lUSA01$h1044 979 $aDBC$b90$c20071211$lUSA01$h1047 979 $aDBC$b90$c20071211$lUSA01$h1052 996 $aNicholaus e l'arte del suo tempo$91025918 997 $aUNISA LEADER 01638nas0 22003853i 450 001 PUV0021359 005 20251003044310.0 011 $a0362-5915 017 70$aP 00090971$2P 100 $a20221202a19769999||||0itac50 ba 101 | $aeng 102 $aus 110 $aa|u|||||||| 181 1$6z01$ai $bxxxe 182 1$6z01$an 183 1$6z01$anc$2RDAcarrier 200 1 $aACM transactions on database systems$fAssociation for computing machinery 207 0$aVol.1, n.1(1976)- 210 $aNew York$cAssociation for computing machinery$d1976- 215 $a v.$d26 cm 225 | $aACM series on computing methodologies 300 $aTrimestrale. 410 0$1001AQ10000472$12001 $aACM series on computing methodologies 676 $a005.7505$9DATI NEI SISTEMI DI ELABORAZIONE. SPECIFICI TIPI DI FILE DI DATI E BASE DI DATI. Pubblicazioni in serie$v14 676 $a005.7505$9SPECIFICI TIPI DI FILE DI DATI E BASE DI DATI. Pubblicazioni in serie$v22 712 02$aAssociation for Computing Machinery$3MILV027276 791 02$aACM$3MILV027277$zAssociation for Computing Machinery 801 3$aIT$bIT-000000$c20221202 850 $aIT-BN0095 901 $bNAP 01$cPER. $nComprende periodici italiani e stranieri 912 $aPUV0021359 950 0$aBiblioteca Centralizzata di Ateneo$b19(1994). 16(1991)-18(1993) in microfilm$c19(1994). 16(1991)-18(1993) in microfilm$d 01PER. ING. ACMTOD$e 0102 0000017155 VPA A4(1994 19(1994)$fY $h19950227$i20130619 977 $a 01 996 $aACM transactions on database systems$9104455 997 $aUNISANNIO